[Event "1.Open A Città di Padova"]
[Site "Padova"]
[Date "1998.12.13"]
[Round "2.6"]
[White "Sanavio, Giancarlo"]
[Black "Vianello, Enrico"]
[Result "1-0"]
[WhiteElo "1627"]
[BlackElo "1756"]
[Annotator "Gabriele Ballarin"]
[PlyCount "51"]
[EventDate "1998.12.13"]
[EventType "swiss"]
[EventRounds "6"]
[EventCountry "ITA"]

1. Nf3 Nf6 2. c4 c6 3. b3 d5 4. Bb2 Bf5 5. g3 Nbd7 6. Bg2 h6 7. O-O e6 8. e3 dxc4 9. bxc4 Bd3 10. Re1 Bxc4 11. Qc2 Ba6 12. Nc3 Be7 13. e4 Nc5 14. e5 Bd3 15. Qd1 Nfe4 16. Nxe4 Nxe4 17. Bd4 Bc5 18. Rxe4 Bxe4 19. Bxc5 Qd5 20. Bd6 f6 21. d4 Kf7 22. Nh4 g5 23. Bxe4 Qxe4 24. Qh5+ Kg7 25. exf6+ Kh7 26. Qf7# 1-0

[Event "1.Open A Città di Padova"]
[Site "Padova"]
[Date "1998.12.13"]
[Round "2.7"]
[White "Guastadini, Paolo"]
[Black "Zanirato, Stefano"]
[Result "0-1"]
[WhiteElo "1603"]
[BlackElo "1740"]
[Annotator "Gabriele Ballarin"]
[PlyCount "80"]
[EventDate "1998.12.13"]
[EventType "swiss"]
[EventRounds "6"]
[EventCountry "ITA"]

1. Nf3 Nc6 2. d4 d5 3. Bf4 Bf5 4. e3 a6 5. a3 e6 6. Be2 Be7 7. O-O g5 8. Bg3 h5 9. h3 g4 10. hxg4 hxg4 11. Ne5 Nxe5 12. Bxe5 Bf6 13. Bg3 Nh6 14. c4 Bh4 15. Qa4+ c6 16. Bf4 Bg5 17. Bg3 Be4 18. Nc3 Nf5 19. Nxe4 dxe4 20. Be5 f6 21. Bf4 Bxf4 22. exf4 g3 23. Bg4 gxf2+ 24. Rxf2 Ng3 25. Bh3 Qxd4 26. Qd1 Qxd1+ 27. Rxd1 Rd8 28. Rfd2 Rxd2 29. Rxd2 Ke7 30. c5 Rh4 31. Rd6 f5 32. Kf2 Nh5 33. Ke3 Rxf4 34. Kd4 Rf2 35. Ke5 Nf4 36. Bxf5 exf5 37. Kxf5 Ne6+ 38. Ke5 Nxc5 39. Rg6 Kf7 40. Rg5 e3 0-1

[Event "1.Open A Città di Padova"]
[Site "Padova"]
[Date "1998.12.13"]
[Round "2.8"]
[White "Zotti, Enrico"]
[Black "Lain, Luigi"]
[Result "1-0"]
[WhiteElo "1725"]
[BlackElo "1609"]
[Annotator "Gabriele Ballarin"]
[PlyCount "113"]
[EventDate "1998.12.13"]
[EventType "swiss"]
[EventRounds "6"]
[EventCountry "ITA"]

1. e4 e5 2. Nf3 Nc6 3. Bb5 a6 4. Ba4 Nf6 5. O-O b5 6. Bb3 d6 7. c3 Be7 8. h3 O-O 9. d4 exd4 10. cxd4 Na5 11. Bc2 c5 12. d5 Nd7 13. Nbd2 Bf6 14. a4 g6 15. axb5 axb5 16. Nb3 Bg7 17. Bd2 b4 18. Qc1 Re8 19. Re1 Bb7 20. Rxa5 Rxa5 21. Nxa5 Qxa5 22. Bf4 Qb6 23. Bb3 Nf6 24. Nd2 Ba6 25. e5 dxe5 26. Rxe5 Rc8 27. Nc4 Bxc4 28. Qxc4 Nh5 29. d6 Rf8 30. Re7 Nxf4 31. Qxf4 Qd8 32. Rxf7 Kh8 33. d7 Rxf7 34. Qxf7 Bf6 35. g3 Be7 36. Kf1 Bf6 37. Ke2 Qe7+ 38. Qxe7 Bxe7 39. Kd3 Kg7 40. Ke4 Kf6 41. Kd5 Bd8 42. Kd6 h6 43. f4 Bb6 44. Kc6 Bd8 45. Kxc5 Ke7 46. Ba4 b3 47. Kb4 Bb6 48. Kxb3 Bf2 49. g4 Bg3 50. f5 gxf5 51. gxf5 Bc7 52. Kc4 Kf6 53. Kc5 Kxf5 54. b4 Ke6 55. Kc6 Bd8 56. b5 Ke7 57. b6 1-0

[Event "1.Open A Città di Padova"]
[Site "Padova"]
[Date "1998.12.13"]
[Round "2.9"]
[White "Sinato, Fabrizio"]
[Black "Di Giacomo, Antonio"]
[Result "1-0"]
[WhiteElo "1710"]
[BlackElo "1552"]
[Annotator "Gabriele Ballarin"]
[PlyCount "55"]
[EventDate "1998.12.13"]
[EventType "swiss"]
[EventRounds "6"]
[EventCountry "ITA"]

1. e4 e5 2. Nf3 d6 3. d4 Nd7 4. Bc4 c6 5. dxe5 dxe5 6. O-O Be7 7. c3 Ngf6 8. Bxf7+ Kxf7 9. Qb3+ Kf8 10. Ng5 Qe8 11. Ne6+ Kg8 12. Ng5+ Kf8 13. Ne6+ Kg8 14. Nc7+ Qf7 15. Nxa8 Nc5 16. Qc2 h6 17. b4 Na6 18. f4 Bd6 19. fxe5 Bxe5 20. Bf4 Qe7 21. Nd2 Kh7 22. Bxe5 Qxe5 23. Rae1 Kg8 24. Nf3 Qb8 25. e5 Nd5 26. e6 Qxa8 27. Qg6 Nf6 28. Nd4 1-0

[Event "1.Open A Città di Padova"]
[Site "Padova"]
[Date "1998.12.13"]
[Round "2.10"]
[White "Guclu, Yaman"]
[Black "Favero, Graziano"]
[Result "1-0"]
[WhiteElo "1600"]
[BlackElo "1705"]
[Annotator "Gabriele Ballarin"]
[PlyCount "51"]
[EventDate "1998.12.13"]
[EventType "swiss"]
[EventRounds "6"]
[EventCountry "ITA"]

1. e4 d6 2. d4 Nf6 3. Bd3 g6 4. Bg5 Bg7 5. Nf3 Nc6 6. c3 O-O 7. Nbd2 h6 8. Bh4 e5 9. O-O g5 10. Bg3 g4 11. d5 gxf3 12. dxc6 fxg2 13. Kxg2 bxc6 14. f4 Ng4 15. Qe2 exf4 16. Rxf4 Ne5 17. Raf1 Nxd3 18. Qxd3 Be6 19. Bh4 Qd7 20. Bf6 d5 21. Qg3 Bh3+ 22. Kg1 Bg4 23. Rxg4 Qd6 24. Rxg7+ Kh8 25. Rg8+ Kh7 26. Qg7# 1-0

[Event "1.Open A Città di Padova"]
[Site "Padova"]
[Date "1998.12.13"]
[Round "2.11"]
[White "Roberti, Ignazio"]
[Black "Pagin, Giacomo"]
[Result "1/2-1/2"]
[WhiteElo "1700"]
[BlackElo "1699"]
[Annotator "Gabriele Ballarin"]
[PlyCount "133"]
[EventDate "1998.12.13"]
[EventType "swiss"]
[EventRounds "6"]
[EventCountry "ITA"]

1. e4 e5 2. Nf3 Nc6 3. Bb5 a6 4. Ba4 Nf6 5. O-O Be7 6. Re1 b5 7. Bb3 d6 8. c3 O-O 9. h3 h6 10. d4 Re8 11. Nbd2 Bf8 12. Bc2 Bb7 13. d5 Nb8 14. Nf1 Nbd7 15. Ng3 g6 16. Nh2 c6 17. dxc6 Bxc6 18. Ng4 Kh7 19. Bb3 Qe7 20. Qf3 Bg7 21. Be3 Nxg4 22. hxg4 Rf8 23. Rad1 Rad8 24. Rd2 Nc5 25. Bd5 Bd7 26. Nf1 f5 27. gxf5 gxf5 28. Bxc5 dxc5 29. exf5 Bxf5 30. Qg3 Bf6 31. Be4 Bh4 32. Qf3 Bg6 33. Bxg6+ Kxg6 34. Qe4+ Kg7 35. Rxd8 Bxf2+ 36. Kh1 Qxd8 37. Qxe5+ Qf6 38. Qxf6+ Rxf6 39. Re7+ Kg6 40. Nh2 Bg3 41. Kg1 Bf2+ 42. Kh1 Rd6 43. Ng4 Bg3 44. Ne3 Rd2 45. Nf1 Rd1 46. Kg1 Kf6 47. Ra7 c4 48. Rxa6+ Bd6 49. Kf2 Ke5 50. Ke2 Rb1 51. Ne3 Rxb2+ 52. Kf3 h5 53. Ra5 Bc7 54. Nxc4+ Kd5 55. Ne3+ Kc6 56. Ra8 Bb6 57. Rc8+ Kd7 58. Rh8 Bxe3 59. Kxe3 Rxg2 60. Rxh5 Rxa2 61. Rxb5 Rg2 62. Kd4 Rg4+ 63. Kd3 Rf4 64. Kc2 Rg4 65. Kb3 Rf4 66. c4 Rg4 67. Kb4 {Nur} 1/2-1/2

[Event "1.Open A Città di Padova"]
[Site "Padova"]
[Date "1998.12.13"]
[Round "2.12"]
[White "Marinucci, Tonino"]
[Black "Quaranta, Cristiano"]
[Result "1-0"]
[WhiteElo "1597"]
[BlackElo "1491"]
[Annotator "Gabriele Ballarin"]
[PlyCount "59"]
[EventDate "1998.12.13"]
[EventType "swiss"]
[EventRounds "6"]
[EventCountry "ITA"]

1. e4 c5 2. Nf3 e6 3. d4 cxd4 4. Nxd4 a6 5. c4 Qc7 6. Nc3 Nc6 7. Be2 Bc5 8. Be3 Nf6 9. O-O Qb6 10. Na4 Qa5 11. Nxc5 Qxc5 12. Nf5 Qe5 13. f4 Qxb2 14. Nd6+ Kf8 15. e5 Ne8 16. Bc5 Ne7 17. Bh5 g6 18. Bg4 Kg7 19. Bf3 Nxd6 20. exd6 Nf5 21. g4 Qc3 22. gxf5 Qxc4 23. Bd4+ f6 24. fxe6 Qxe6 25. Bb2 Qe3+ 26. Kh1 Qxf4 27. Bg2 Qb4 28. Bxf6+ Kg8 29. Qd5+ Kf8 30. Bxh8+ 1-0

[Event "1.Open A Città di Padova"]
[Site "Padova"]
[Date "1998.12.13"]
[Round "2.13"]
[White "Litrico, Paolo"]
[Black "Boscolo, Fabio"]
[Result "0-1"]
[WhiteElo "1411"]
[BlackElo "1714"]
[Annotator "Gabriele Ballarin"]
[PlyCount "121"]
[EventDate "1998.12.13"]
[EventType "swiss"]
[EventRounds "6"]
[EventCountry "ITA"]

1. d4 g6 2. Bf4 Bg7 3. e3 d6 4. Bd3 e5 5. Bg3 Nc6 6. c3 Nge7 7. Ne2 O-O 8. O-O Nf5 9. Nd2 Re8 10. a4 h5 11. h3 Nxg3 12. Nxg3 h4 13. Nh1 d5 14. f4 e4 15. Be2 Ne7 16. Bg4 b6 17. Bxc8 Rxc8 18. Qe1 Nf5 19. g4 hxg3 20. Nxg3 Nd6 21. Kh2 c5 22. Qd1 cxd4 23. cxd4 Qc7 24. Rc1 Qd7 25. Qg4 Qxa4 26. Nb1 Rc2+ 27. Kh1 Rxc1 28. Rxc1 Qb3 29. Qe2 Nc4 30. Rc3 Qxb2 31. Qxb2 Nxb2 32. Nf1 Nc4 33. Na3 Nxa3 34. Rxa3 Re7 35. Nd2 Rc7 36. Ra2 a5 37. Kg2 Bf8 38. Nb3 Rc3 39. Nxa5 bxa5 40. Rxa5 Rxe3 41. Rxd5 Rf3 42. Re5 Rxf4 43. d5 Rf6 44. Re8 Rd6 45. Rxe4 Rxd5 46. Kg3 Rd3+ 47. Kg2 Bd6 48. Re8+ Kg7 49. Rd8 Rd2+ 50. Kf3 Bb4 51. Rb8 Bd6 52. Rd8 Kf6 53. Ke4 Ke7 54. Ra8 Rh2 55. Rh8 f5+ 56. Kd5 Rd2+ 57. Kc6 Rc2+ 58. Kb7 Kf6 59. h4 Kg7 60. Rd8 Bg3 61. Rd4 0-1

[Event "1.Open A Città di Padova"]
[Site "Padova"]
[Date "1998.12.13"]
[Round "2.15"]
[White "De Bortoli, Maicol"]
[Black "Opacic, Alexandar"]
[Result "1/2-1/2"]
[WhiteElo "1744"]
[BlackElo "1594"]
[Annotator "Gabriele Ballarin"]
[PlyCount "145"]
[EventDate "1998.12.13"]
[EventType "swiss"]
[EventRounds "6"]
[EventCountry "ITA"]

1. e4 c5 2. Nf3 g6 3. Nc3 Bg7 4. Bc4 a6 5. a4 d6 6. O-O Nf6 7. d3 O-O 8. Bg5 Nc6 9. Qd2 Re8 10. Bh6 Bh8 11. h4 Qc7 12. Nd5 Nxd5 13. exd5 Nd4 14. Nxd4 Bxd4 15. c3 Bf6 16. Qf4 Bd7 17. Rfe1 b5 18. axb5 axb5 19. Rxa8 Rxa8 20. Bb3 Bf5 21. Bg5 Bxg5 22. Qxg5 f6 23. Qe3 Ra7 24. c4 Qb8 25. Qd2 bxc4 26. Bxc4 Kg7 27. f3 h5 28. b3 Bc8 29. d4 Qb4 30. Re2 Qxd2 31. Rxd2 cxd4 32. Rxd4 Ba6 33. Kf2 Bxc4 34. bxc4 Ra2+ 35. Kg3 Rc2 36. Kh3 Rc3 37. Rf4 Rd3 38. g4 hxg4+ 39. Kxg4 Rd1 40. Kg3 Rc1 41. Re4 Kf7 42. Kf4 Rc3 43. Kg3 f5 44. Rd4 Kf6 45. Kf4 Rc1 46. Kg3 Ke5 47. Rd2 Rxc4 48. Re2+ Kf6 49. Rd2 g5 50. hxg5+ Kxg5 51. Re2 Kf6 52. Rd2 Rc1 53. Kf4 Re1 54. Ra2 Rd1 55. Ra5 Rd4+ 56. Ke3 Rc4 57. Ra7 Rc5 58. Kd4 Rb5 59. Kc4 Rb1 60. Ra3 Re1 61. Kd4 f4 62. Rb3 Kg5 63. Rb2 Kh4 64. Rg2 Ra1 65. Rg4+ Kh5 66. Ke4 Re1+ 67. Kd4 Re5 68. Rxf4 Kg5 69. Rf7 Kg6 70. Rf4 Rf5 71. Rg4+ Kf6 72. f4 Rh5 73. Ke4 1/2-1/2

[Event "1.Open A Città di Padova"]
[Site "Padova"]
[Date "1998.12.13"]
[Round "2.16"]
[White "Marson, Luca"]
[Black "Muradore, Aldo"]
[Result "1-0"]
[WhiteElo "1633"]
[BlackElo "1455"]
[Annotator "Gabriele Ballarin"]
[PlyCount "33"]
[EventDate "1998.12.13"]
[EventType "swiss"]
[EventRounds "6"]
[EventCountry "ITA"]

1. e4 c5 2. Nf3 d6 3. d4 cxd4 4. Nxd4 Nf6 5. Nc3 g6 6. Be3 Bg7 7. f3 O-O 8. Qd2 Nc6 9. O-O-O Nxd4 10. Bxd4 Be6 11. Nd5 Nxd5 12. Bxg7 Kxg7 13. exd5 Bd7 14. h4 Rc8 15. Kb1 Qb6 16. h5 Rc5 17. hxg6 1-0

[Event "1.Open A Città di Padova"]
[Site "Padova"]
[Date "1998.12.13"]
[Round "2.17"]
[White "Ceccherini, Paolo"]
[Black "Verdi, Ruben"]
[Result "1-0"]
[WhiteElo "1606"]
[BlackElo "1500"]
[Annotator "Gabriele Ballarin"]
[PlyCount "60"]
[EventDate "1998.12.13"]
[EventType "swiss"]
[EventRounds "6"]
[EventCountry "ITA"]

1. e4 c5 2. Nc3 Nc6 3. f4 d6 4. Nf3 Bg4 5. g3 g6 6. Bg2 Bg7 7. d3 e6 8. O-O Nge7 9. Qe1 Bxf3 10. Bxf3 Nd4 11. Rf2 O-O 12. Be3 Nec6 13. a3 a5 14. Qd2 Rb8 15. Raf1 b5 16. Nd1 Qc7 17. h4 a4 18. Rh2 b4 19. g4 bxa3 20. bxa3 Rb1 21. h5 Ra1 22. f5 Ne5 23. Bxd4 Nxf3+ 24. Rxf3 Bxd4+ 25. Kf1 exf5 26. gxf5 Qe7 27. Ke2 Qe5 28. Rg2 Qg7 29. fxg6 Kh8 30. h6 Rxd1 1-0

[Event "1.Open A Città di Padova"]
[Site "Padova"]
[Date "1998.12.13"]
[Round "2.18"]
[White "Navarro, Stefano"]
[Black "De Minico, Nicola"]
[Result "1-0"]
[WhiteElo "1567"]
[BlackElo "1606"]
[Annotator "Gabriele Ballarin"]
[PlyCount "63"]
[EventDate "1998.12.13"]
[EventType "swiss"]
[EventRounds "6"]
[EventCountry "ITA"]

1. d4 d5 2. c4 Nc6 3. e3 Nf6 4. Nc3 e6 5. Bd2 g6 6. Nf3 Bg7 7. a3 a5 8. Rc1 O-O 9. Bd3 Ne7 10. O-O b6 11. Qc2 Ba6 12. Na2 Rc8 13. b4 dxc4 14. Bxc4 b5 15. Bd3 a4 16. Nc3 c6 17. Nxa4 Nfd5 18. Nc5 Ra8 19. a4 Nc7 20. a5 Bc8 21. Be2 f6 22. Ne1 e5 23. dxe5 fxe5 24. Bf3 Ncd5 25. Qd3 Rf6 26. e4 Rd6 27. exd5 Nxd5 28. Qb3 Kh8 29. Ne4 Re6 30. Bg4 Re7 31. Bxc8 Rxc8 32. Bg5 1-0

[Event "1.Open A Città di Padova"]
[Site "Padova"]
[Date "1998.12.13"]
[Round "2.19"]
[White "Tresin, Ardilio"]
[Black "Fragni, Enrico"]
[Result "0-1"]
[WhiteElo "1449"]
[BlackElo "1822"]
[Annotator "Gabriele Ballarin"]
[PlyCount "135"]
[EventDate "1998.12.13"]
[EventType "swiss"]
[EventRounds "6"]
[EventCountry "ITA"]

1. Nf3 Nf6 2. d4 d5 3. e3 e6 4. Bd3 c5 5. b3 Nc6 6. a3 Bd6 7. Bb2 O-O 8. O-O cxd4 9. exd4 Qc7 10. Nbd2 Bd7 11. Re1 Rae8 12. Ne5 Re7 13. Ndf3 h6 14. c4 b6 15. Rc1 Qb7 16. b4 dxc4 17. Nxc4 Bb8 18. Nce5 Rd8 19. Qc2 Nxe5 20. dxe5 Nd5 21. Be4 Be8 22. Qb3 Qa6 23. Bd3 Bb5 24. Bb1 Nf4 25. Rcd1 Red7 26. Rxd7 Rxd7 27. Bc2 Bd3 28. Qa4 Qxa4 29. Bxa4 b5 30. Bb3 Bc4 31. Rd1 Ne2+ 32. Kh1 Rxd1+ 33. Bxd1 Nf4 34. Nd2 Bd5 35. Bf3 Nd3 36. Bxd5 exd5 37. Ba1 Nxf2+ 38. Kg1 Nd3 39. Nf3 a6 40. Kf1 Ba7 41. Ke2 Nf4+ 42. Kf1 Kf8 43. g3 Ne6 44. Ke2 Ke7 45. Kd3 Kd7 46. Bc3 Nf8 47. g4 Ke6 48. Bd4 Bb8 49. h3 Ng6 50. Bc5 Nf4+ 51. Kd4 Nxh3 52. Bf8 Nf2 53. g5 Ba7+ 54. Kc3 Ne4+ 55. Kd3 hxg5 56. Bxg7 Kf5 57. Nd4+ Bxd4 58. Kxd4 Ke6 59. Bh6 g4 60. Bf4 g3 61. Be3 g2 62. Bg1 Nd2 63. Ke3 Nc4+ 64. Kf2 Kxe5 65. Kxg2 d4 66. Bh2+ Ke4 67. Kf2 Kd3 68. Ke1 0-1

[Event "1.Open A Città di Padova"]
[Site "Padova"]
[Date "1998.12.13"]
[Round "2.21"]
[White "Quaranta, Gaetano"]
[Black "Carlassara, Renato"]
[Result "0-1"]
[WhiteElo "1558"]
[BlackElo "1555"]
[Annotator "Gabriele Ballarin"]
[PlyCount "96"]
[EventDate "1998.12.13"]
[EventType "swiss"]
[EventRounds "6"]
[EventCountry "ITA"]

1. e4 e5 2. Nf3 Nc6 3. Bc4 Nf6 4. Ng5 d5 5. exd5 Na5 6. Bb5+ c6 7. dxc6 bxc6 8. Be2 h6 9. Nf3 e4 10. Ne5 Bd6 11. d4 exd3 12. Nxd3 Qc7 13. h3 c5 14. Bf3 Rb8 15. Qe2+ Be6 16. b3 c4 17. Nb2 Bb4+ 18. c3 cxb3 19. Bd2 Be7 20. axb3 Nxb3 21. Ra6 Nxd2 22. Qxd2 Qe5+ 23. Kf1 Qb5+ 24. Be2 Qxb2 25. Qxb2 Rxb2 26. Bd3 Rxb1+ 27. Bxb1 Bc4+ 28. Ke1 Bxa6 29. Kd2 O-O 30. Re1 Rd8+ 31. Kc1 Ba3+ 32. Kc2 Bd3+ 33. Kb3 Bxb1 34. Kxa3 Bf5 35. g4 Be6 36. f4 Rd3 37. f5 Rxc3+ 38. Kb2 Rb3+ 39. Kc2 Bd5 40. h4 Rg3 41. Ra1 Rxg4 42. Rxa7 Be4+ 43. Kc3 Bxf5 44. Ra5 Be6 45. h5 Rh4 46. Ra8+ Kh7 47. Kd3 Rxh5 48. Ke3 Rf5 0-1

[Event "1.Open A Città di Padova"]
[Site "Padova"]
[Date "1998.12.13"]
[Round "2.23"]
[White "Salata, Alessio"]
[Black "Roccaro, Giovanni"]
[Result "0-1"]
[WhiteElo "1552"]
[BlackElo "1600"]
[Annotator "Gabriele Ballarin"]
[PlyCount "58"]
[EventDate "1998.12.13"]
[EventType "swiss"]
[EventRounds "6"]
[EventCountry "ITA"]

1. f4 d5 2. e3 c5 3. Nf3 Nc6 4. b3 Nf6 5. Bb2 e6 6. Be2 Be7 7. O-O O-O 8. Nc3 a6 9. a3 b6 10. Qe1 Re8 11. Bd3 Bf8 12. Qh4 b5 13. Nxd5 Qxd5 14. Bxf6 h6 15. Bb2 Be7 16. Qg3 e5 17. Nxe5 Nxe5 18. fxe5 c4 19. e6 f6 20. Qg6 Bxe6 21. Qh7+ Kf8 22. Be4 Qxd2 23. Bxa8 Rxa8 24. Qe4 Bd5 25. Rf2 Qxf2+ 26. Kxf2 Bxe4 27. bxc4 bxc4 28. Bd4 Bxc2 29. Rc1 Bd3 0-1

[Event "1.Open A Città di Padova"]
[Site "Padova"]
[Date "1998.12.13"]
[Round "2.24"]
[White "Marigo, Narciso"]
[Black "Frugoni, Giulio"]
[Result "1-0"]
[WhiteElo "1687"]
[BlackElo "1522"]
[Annotator "Gabriele Ballarin"]
[PlyCount "99"]
[EventDate "1998.12.13"]
[EventType "swiss"]
[EventRounds "6"]
[EventCountry "ITA"]

1. d4 Nf6 2. Nf3 e6 3. Bf4 d5 4. h3 c5 5. e3 Nc6 6. Bd3 Qb6 7. b3 Bd7 8. c3 Be7 9. Nbd2 Nh5 10. Bh2 g6 11. O-O O-O 12. Kh1 f5 13. Re1 Nf6 14. Ne5 Nxe5 15. Bxe5 Ne4 16. Bxe4 fxe4 17. Kg1 Rf7 18. Nf1 Raf8 19. Re2 Bb5 20. Rd2 Bd6 21. dxc5 Bxc5 22. Bd4 Bd3 23. Ng3 Bxd4 24. cxd4 Qd6 25. Rc1 e5 26. dxe5 Qxe5 27. Qg4 d4 28. exd4 Qxd4 29. Qe6 Kh8 30. Nh1 Qg7 31. Kh2 Re7 32. Qd5 Re5 33. Qd6 Rfe8 34. Ng3 Qf7 35. Rc7 R5e7 36. Rxe7 Qxe7 37. Qd4+ Qe5 38. Qxa7 Qc3 39. Qe3 Rf8 40. Nxe4 Qe5+ 41. Ng3 Qxe3 42. fxe3 Ba6 43. e4 Re8 44. a4 b5 45. Rd6 Bb7 46. a5 Bxe4 47. Nxe4 Rxe4 48. Rb6 Rb4 49. a6 Rxb3 50. a7 1-0

[Event "1.Open A Città di Padova"]
[Site "Padova"]
[Date "1998.12.13"]
[Round "2.27"]
[White "Fontana, Alessandro"]
[Black "Busà, Michele"]
[Result "1/2-1/2"]
[WhiteElo "1500"]
[BlackElo "1567"]
[Annotator "Gabriele Ballarin"]
[PlyCount "53"]
[EventDate "1998.12.13"]
[EventType "swiss"]
[EventRounds "6"]
[EventCountry "ITA"]

1. e4 g6 2. d4 Bg7 3. Nf3 d6 4. Bc4 c6 5. Nc3 b5 6. Bb3 Nf6 7. Qd3 Nbd7 8. O-O O-O 9. Bf4 Qc7 10. Qe3 Ng4 11. Qd2 e5 12. h3 exf4 13. hxg4 Nf6 14. g5 Nh5 15. d5 b4 16. Nd1 c5 17. c3 a5 18. a3 c4 19. Bc2 b3 20. Bb1 Qe7 21. Qe2 Bg4 22. Qxc4 Bxf3 23. gxf3 Qxg5+ 24. Kh2 Qh4+ 25. Kg2 Qg5+ 26. Kh2 Qh4+ 27. Kg2 1/2-1/2

[Event "1.Open A Città di Padova"]
[Site "Padova"]
[Date "1998.12.13"]
[Round "2.28"]
[White "Nagliati, Paolo"]
[Black "Pilotto, Alessandro"]
[Result "1-0"]
[WhiteElo "1591"]
[BlackElo "1467"]
[Annotator "Gabriele Ballarin"]
[PlyCount "64"]
[EventDate "1998.12.13"]
[EventType "swiss"]
[EventRounds "6"]
[EventCountry "ITA"]

1. e4 e6 2. d4 c5 3. Nf3 cxd4 4. Nxd4 a6 5. Be3 Bc5 6. Nxe6 Qa5+ 7. Bd2 Bxf2+ 8. Kxf2 Qb6+ 9. Be3 Qxe6 10. Nc3 Nf6 11. Be2 Nxe4+ 12. Nxe4 Qxe4 13. Bf3 Qh4+ 14. g3 Qf6 15. Bd4 Qd6 16. Re1+ Kd8 17. Qd2 a5 18. Qe3 Ra6 19. Bxg7 Rg8 20. Qg5+ Kc7 21. Qe5 Qxe5 22. Bxe5+ d6 23. Bf4 Be6 24. b3 Nc6 25. c3 b5 26. Rad1 Ne7 27. Re2 Ng6 28. Bc1 Ne5 29. Bg2 Bg4 30. Rxe5 dxe5 31. Rd5 Rc6 32. Rxe5 Rxc3 {Nur} 1-0

[Event "1.Open A Città di Padova"]
[Site "Padova"]
[Date "1998.12.13"]
[Round "2.29"]
[White "Ballarin, Gabriele"]
[Black "Crestani, Federico"]
[Result "1/2-1/2"]
[WhiteElo "1465"]
[BlackElo "1600"]
[Annotator "Gabriele Ballarin"]
[PlyCount "54"]
[EventDate "1998.12.13"]
[EventType "swiss"]
[EventRounds "6"]
[EventCountry "ITA"]
[SourceTitle "Ballarin Gabriele"]
[Source "Ballarin Gabrie"]
[SourceDate "2001.01.01"]
[SourceVersion "1"]
[SourceVersionDate "2001.01.01"]
[SourceQuality "1"]

1. e4 e6 2. d4 d5 3. e5 Bd7 4. Bd3 c5 5. Qg4 cxd4 6. Nf3 Nc6 7. O-O h6 8. a3 Qb6 9. Re1 O-O-O 10. Nbd2 g5 11. Nb3 f5 12. Qg3 a5 13. h3 Nge7 14. Nbd2 Ng6 15. c4 dxc3 16. bxc3 Bc5 17. Rb1 Qa7 18. Rf1 Nf4 19. Bb5 Nxe5 20. Bxd7+ Rxd7 21. Kh1 Ned3 22. Nd4 Bxd4 23. cxd4 Qxd4 24. Nb3 Qa7 25. Bxf4 Nxf4 26. Qc3+ Kd8 27. Qxh8+ Ke7 1/2-1/2

[Event "1.Open A Città di Padova"]
[Site "Padova"]
[Date "1998.12.13"]
[Round "2.30"]
[White "Tomio, Dante"]
[Black "Serradura, Gianluca"]
[Result "1/2-1/2"]
[WhiteElo "1587"]
[BlackElo "1419"]
[Annotator "Gabriele Ballarin"]
[PlyCount "120"]
[EventDate "1998.12.13"]
[EventType "swiss"]
[EventRounds "6"]
[EventCountry "ITA"]

1. e4 c5 2. Nf3 a6 3. d4 cxd4 4. Nxd4 Nf6 5. Nc3 e5 6. Nf3 Bb4 7. Bd2 d6 8. Bd3 Nbd7 9. a3 Bxc3 10. Bxc3 O-O 11. Qe2 d5 12. O-O-O Nc5 13. Bxe5 dxe4 14. Bxe4 Qe7 15. Bxf6 Qxe4 16. Qxe4 Nxe4 17. Bh4 Bf5 18. Nd4 Bg6 19. f3 Nc5 20. Rd2 Rac8 21. Rhd1 f6 22. Bg3 Rfd8 23. b4 Rxd4 24. bxc5 Rxd2 25. Rxd2 Rxc5 26. Bd6 Rc6 27. Bb4 Kf7 28. c3 b6 29. Kb2 b5 30. Rd7+ Ke6 31. Rxg7 Kd5 32. Rd7+ Ke5 33. Rd4 Re6 34. f4+ Kf5 35. Rd6 Re2+ 36. Kc1 Rxg2 37. Rxa6 Rxh2 38. Be7 Rh1+ 39. Kb2 Kxf4 40. Rxf6+ Ke5 41. Kb3 Rb1+ 42. Ka2 Rc1 43. Kb2 Rc2+ 44. Kb3 Bd3 45. Rb6 Rc1 46. Bg5 Rb1+ 47. Ka2 Kd5 48. a4 Rg1 49. Be3 Rg2+ 50. Kb3 Bc4+ 51. Kb4 Rb2+ 52. Ka5 Ra2 53. Rxb5+ Bxb5 54. Kxb5 h5 55. a5 Rg2 56. a6 Rg8 57. Kb6 h4 58. a7 h3 59. Bf4 Ra8 60. Bh2 Kc4 1/2-1/2

[Event "1.Open A Città di Padova"]
[Site "Padova"]
[Date "1998.12.13"]
[Round "2.31"]
[White "Saponara, Nicola"]
[Black "Alessi, Giovanni"]
[Result "1-0"]
[WhiteElo "1576"]
[BlackElo "1400"]
[Annotator "Gabriele Ballarin"]
[PlyCount "149"]
[EventDate "1998.12.13"]
[EventType "swiss"]
[EventRounds "6"]
[EventCountry "ITA"]

1. e4 e5 2. Nf3 d6 3. Bc4 Bg4 4. c3 Nf6 5. d3 a6 6. Qb3 Be6 7. Bxe6 fxe6 8. Qxe6+ Qe7 9. Qc8+ Qd8 10. Qxb7 Nbd7 11. Ng5 Rb8 12. Qxa6 Nb6 13. Qb5+ Qd7 14. Qb3 h6 15. Ne6 Ke7 16. Nxf8 Rhxf8 17. O-O g5 18. a4 c5 19. a5 Nbd5 20. Qc2 Nf4 21. Re1 Qg4 22. f3 Qd7 23. d4 c4 24. Bxf4 gxf4 25. dxe5 dxe5 26. Na3 Qe6 27. Red1 Rg8 28. Qd2 h5 29. Nxc4 Qxc4 30. Qd6+ Kf7 31. Qd2 h4 32. h3 Rg3 33. a6 Rbg8 34. Kh2 Rxg2+ 35. Qxg2 Rxg2+ 36. Kxg2 Qe2+ 37. Kg1 Nh5 38. Rf1 Qe3+ 39. Kg2 Qa7 40. Rfd1 Ke6 41. c4 Qg7+ 42. Kf1 Ng3+ 43. Ke1 Qa7 44. Ra3 Qg1+ 45. Kd2 Qd4+ 46. Kc2 Qxc4+ 47. Kb1 Qc8 48. a7 Qa8 49. Rd5 Ne2 50. Rb5 Qc6 51. Rab3 Qa8 52. Rb6+ Kd7 53. Rb7+ Kc6 54. Rh7 Kc5 55. Rb8 Qxa7 56. Rxa7 Kc4 57. Ra4+ Kd3 58. Rh8 Nd4 59. Ra3+ Kc4 60. Rc3+ Kb4 61. Rb8+ Nb5 62. Rb3+ Kxb3 63. Rxb5+ Kc4 64. Rd5 Kb4 65. Kc2 Kc4 66. b3+ Kb4 67. Rxe5 Ka3 68. Kc3 Ka2 69. b4 Kb1 70. Rd5 Ka1 71. Rd8 Kb1 72. Rd2 Kc1 73. Kd3 Kb1 74. Kc3 Ka1 75. Kb3 1-0

[Event "1.Open A Città di Padova"]
[Site "Padova"]
[Date "1998.12.13"]
[Round "3.1"]
[White "Trangoni, Bruno"]
[Black "Viola, Matteo"]
[Result "0-1"]
[WhiteElo "1650"]
[BlackElo "1877"]
[Annotator "Gabriele Ballarin"]
[PlyCount "114"]
[EventDate "1998.12.13"]
[EventType "swiss"]
[EventRounds "6"]
[EventCountry "ITA"]

1. e4 e5 2. Nf3 f5 3. Nxe5 Qf6 4. d4 d6 5. Nc4 fxe4 6. Nc3 Qg6 7. Nd5 Qf7 8. Nce3 c6 9. Nc3 d5 10. Be2 Nf6 11. Ng4 Bd6 12. Nxf6+ Qxf6 13. Be3 Be6 14. Qd2 O-O 15. O-O-O b5 16. Rdf1 Nd7 17. f3 exf3 18. Bxf3 Qe7 19. Bg5 Qxg5 20. Qxg5 Bf4+ 21. Qxf4 Rxf4 22. Ne2 Rff8 23. c3 Nb6 24. Re1 Rae8 25. b3 a5 26. h4 Re7 27. Ng3 Rfe8 28. Re5 Bd7 29. Rxe7 Rxe7 30. a3 a4 31. bxa4 Nxa4 32. Kd2 Nb6 33. Be2 Rf7 34. Ke3 Bf5 35. Nxf5 Rxf5 36. Rf1 Rxf1 37. Bxf1 Kf7 38. g4 Kf6 39. Bd3 h6 40. Kd2 g5 41. h5 Ke6 42. Kc2 Kd6 43. Kb3 Kc7 44. Kb4 Na4 45. Bc2 Nb2 46. a4 bxa4 47. Bxa4 Nd3+ 48. Ka5 Nf2 49. Kb4 Nxg4 50. Kc5 Ne3 51. Bxc6 g4 52. c4 dxc4 53. Be4 c3 54. d5 c2 55. d6+ Kd7 56. Bxc2 Nxc2 57. Kc4 g3 0-1